Seleção Liverpool FC Champions League 2024/2025 - Statistics

Estatísticas Gerais
  • Esse quiz foi jogado 91 vezes
  • A pontuação média é 16 de 24
Estatísticas das Respostas
Imagem Resposta % Correto
Mohamed Salah
98%
Luis Díaz
95%
Alisson Becker
94%
Virgil van Dijk
94%
Trent Alexander-Arnold
93%
Darwin Núñez
91%
Diogo Jota
91%
Federico Chiesa
91%
Andy Robertson
90%
Alexis Mac Allister
88%
Cody Gakpo
88%
Joe Gomez
86%
Ibrahima Konaté
83%
Wataru Endo
74%
Kostas Tsimikas
69%
Ryan Gravenberch
69%
Curtis Jones
68%
Dominik Szoboszlai
63%
Caoimhin Kelleher
51%
Vitězslav Jaroš
19%
Tyler Morton
15%
Rio Ngumoha
12%
Trey Nyoni
12%
Amara Nallo
6%
Nenhum quiz correspondente encontrado
Distribuição das Pontuações
Porcentagem de Pessoas com Cada Pontuação
Percentil de Números Respondidos
Sua Pontuação Histórica
Você não jogou esse quiz